| 000 | 00494nam a2200181Ia 4500 | ||
|---|---|---|---|
| 005 | 20250326141236.0 | ||
| 008 | 250326s9999 xx 000 0 und d | ||
| 037 | _aTextbook | ||
| 040 |
_aFMSL _beng _cFMSL |
||
| 041 |
_aeng _2eng |
||
| 084 |
_aX:9 N1 _qFMSL |
||
| 100 |
_aCole G A _9744007 |
||
| 245 | 0 |
_aPersonnel management theory and practice _cCole G A |
|
| 260 |
_aNew Delhi _bNew Delhi, Arnold _c1991 |
||
| 300 | _a492p | ||
| 942 |
_cTB _hX:9 N1 |
||
| 999 |
_c1289394 _d1289394 |
||